|
|
|
|
| LEADER |
00839nam a2200217 a 4500 |
| 001 |
3895920 |
| 008 |
120305s1998 ctuab b 001 0 eng d |
| 010 |
|
|
|a 90166920
|
| 020 |
|
|
|a 0961392118
|
| 040 |
|
|
|a DLC
|c DLC
|d DLC
|c BD-DhAAL
|
| 082 |
0 |
0 |
|a 302.23
|2 20
|
| 100 |
1 |
|
|a Tufte, Edward R.,
|d 1942-
|
| 245 |
1 |
0 |
|a Envisioning information /
|c Edward R. Tufte.
|
| 260 |
|
|
|a Cheshire, Conn. :
|b Graphics Press,
|c c1998.[Sixth printing]
|
| 300 |
|
|
|a 126 p. :
|b ill. (some col.), maps ;
|c 28 cm.
|
| 504 |
|
|
|a Includes bibliographical references and index.
|
| 541 |
1 |
|
|e 00024510
|
| 650 |
|
0 |
|a Visual communication.
|
| 852 |
1 |
|
|a Ayesha Abed Library
|j General shelf
|
| 999 |
|
|
|c 11937
|d 11937
|
| 952 |
|
|
|0 0
|1 0
|4 0
|6 302_230000000000000_TUF
|7 0
|9 19593
|a BRACUL
|b BRACUL
|c GEN
|d 2012-03-05
|e Trim Education
|g 3975.00
|l 0
|o 302.23 TUF
|p 3010024510
|r 2012-03-05
|t 1
|w 2012-03-05
|y BK
|